[Event "EU-Cup 32nd"]
[Site "Novi Sad"]
[Date "2016.11.12"]
[Round "7.6"]
[White "Shvyriaev, Artem"]
[Black "Andonovski, Ljubisa"]
[Result "1/2-1/2"]
[WhiteElo "2116"]
[BlackElo "2298"]
[PlyCount "103"]
[EventDate "2016.11.06"]
[EventType "team-swiss"]
[EventRounds "7"]
[EventCountry "SRB"]
[SourceTitle "CBM 176"]
[Source "ChessBase"]
[SourceDate "2017.01.17"]
[SourceVersion "1"]
[SourceVersionDate "2017.01.17"]
[SourceQuality "1"]
[WhiteTeam "LugPokerChess"]
[BlackTeam "Gambit Asseco See"]
[WhiteTeamCountry "RUS"]
[BlackTeamCountry "MKD"]

1. e4 c5 2. Nc3 Nc6 3. g3 g6 4. Bg2 Bg7 5. d3 d6 6. Be3 Rb8 7. Qd2 b5 8. f4 b4 9. Nd1 e5 10. Nf3 Nge7 11. fxe5 Nxe5 12. Nxe5 Bxe5 13. 0-0 0-0 14. Bh6 Bg7 15. Bxg7 Kxg7 16. Ne3 Be6 17. Rf4 d5 18. exd5 Nxd5 19. Nxd5 Bxd5 20. Bxd5 Qxd5 21. Qf2 Rbe8 22. Rf1 h5 23. Rc4 Re5 24. Qf6+ Kg8 25. Qf3 Rfe8 26. Qxd5 Rxd5 27. Kg2 Kg7 28. Rf2 f5 29. d4 Re4 30. Rxc5 Rxc5 31. dxc5 Rc4 32. h4 Rxc5 33. Rd2 a5 34. Kf3 Kh6 35. Kf4 Rc4+ 36. Ke5 Re4+ 37. Kf6 Rc4 38. Ke5 Re4+ 39. Kf6 Rc4 40. Ke5 Rc8 41. Kf6 Rc6+ 42. Ke5 Rc4 43. Kf6 Rc7 44. Ke5 Kg7 45. Kf4 Rc4+ 46. Kf3 Kf7 47. b3 Rc3+ 48. Kf4 Ke6 49. Re2+ Kd6 50. Rd2+ Ke6 51. Re2+ Kd6 52. Rd2+ 1/2-1/2

[Event "EU-Cup 32nd"]
[Site "Novi Sad"]
[Date "2016.11.08"]
[Round "3.6"]
[White "Shvyriaev, Artem"]
[Black "Linster, Philippe"]
[Result "0-1"]
[WhiteElo "2116"]
[BlackElo "2229"]
[PlyCount "82"]
[EventDate "2016.11.06"]
[EventType "team-swiss"]
[EventRounds "7"]
[EventCountry "SRB"]
[SourceTitle "CBM 176"]
[Source "ChessBase"]
[SourceDate "2017.01.17"]
[SourceVersion "1"]
[SourceVersionDate "2017.01.17"]
[SourceQuality "1"]
[WhiteTeam "LugPokerChess"]
[BlackTeam "Bieles The Smashing Pawns"]
[WhiteTeamCountry "RUS"]
[BlackTeamCountry "LUX"]

1. e4 e5 2. Nf3 Nc6 3. Bb5 a6 4. Ba4 Nf6 5. 0-0 Be7 6. Re1 b5 7. Bb3 d6 8. c3 0-0 9. d4 Bg4 10. d5 Na5 11. Bc2 Qc8 12. Nbd2 c6 13. dxc6 Qxc6 14. Nf1 Nc4 15. b3 Nb6 16. Bb2 Nbd7 17. Ng3 h6 18. h3 Be6 19. Qd2 Rfe8 20. Nh4 Bf8 21. Nhf5 d5 22. Rad1 Rac8 23. exd5 Bxd5 24. Ne3 Be6 25. Bf5 Nb6 26. Bxe6 Rxe6 27. Rc1 Rd6 28. Qe2 Rcd8 29. Rc2 Nbd5 30. c4 Nf4 31. Qf1 Nd3 32. Rb1 g6 33. cxb5 Qxb5 34. Ba3 R6d7 35. Bxf8 Kxf8 36. Nc4 h5 37. Qe2 Rd4 38. f3 h4 39. Nf1 Nh5 40. Rd2 Nhf4 41. Qe3 Rxc4 0-1

[Event "EU-Cup 32nd"]
[Site "Novi Sad"]
[Date "2016.11.07"]
[Round "2.6"]
[White "Dixon, Chris"]
[Black "Shvyriaev, Artem"]
[Result "0-1"]
[WhiteElo "1785"]
[BlackElo "2116"]
[PlyCount "80"]
[EventDate "2016.11.06"]
[EventType "team-swiss"]
[EventRounds "7"]
[EventCountry "SRB"]
[SourceTitle "CBM 176"]
[Source "ChessBase"]
[SourceDate "2017.01.17"]
[SourceVersion "1"]
[SourceVersionDate "2017.01.17"]
[SourceQuality "1"]
[WhiteTeam "Abergavenny"]
[BlackTeam "LugPokerChess"]
[WhiteTeamCountry "WLS"]
[BlackTeamCountry "RUS"]

1. Nf3 Nf6 2. g3 g6 3. Bg2 Bg7 4. 0-0 0-0 5. d3 d5 6. Nbd2 Nbd7 7. e4 dxe4 8. dxe4 e5 9. Qe2 b6 10. Rd1 Qe7 11. Nb3 Bb7 12. Bg5 h6 13. Bxf6 Nxf6 14. Ne1 Ne8 15. c3 Nd6 16. Nc2 a5 17. Nd2 Rae8 18. Ne3 f5 19. f3 f4 20. Nef1 fxg3 21. hxg3 h5 22. a4 h4 23. g4 Bh6 24. b4 Ra8 25. b5 Bc8 26. Nc4 Nxc4 27. Qxc4+ Be6 28. Qe2 Rad8 29. Kh1 Qc5 30. Rxd8 Rxd8 31. Rd1 Rxd1 32. Qxd1 Bg5 33. Qd3 Qc4 34. Qc2 Qb3 35. Qd3 Qxa4 36. f4 exf4 37. e5 Kg7 38. Bc6 Bxg4 39. Be8 Bf5 40. Qd2 Qe4+ 0-1

[Event "EU-Cup 27th"]
[Site "Rogaska Slatina"]
[Date "2011.09.28"]
[Round "4"]
[White "Shvyriaev, Artem"]
[Black "McGovern, Mark E"]
[Result "1-0"]
[WhiteElo "2117"]
[BlackElo "2086"]
[PlyCount "83"]
[EventDate "2011.09.25"]
[EventType "team-swiss"]
[EventRounds "7"]
[EventCountry "SLO"]
[SourceTitle "CBM 145"]
[Source "ChessBase"]
[SourceDate "2011.11.11"]
[SourceVersion "1"]
[SourceVersionDate "2011.11.11"]
[SourceQuality "1"]
[WhiteTeam "Shtrafbat"]
[BlackTeam "Gonzaga"]
[WhiteTeamCountry "UKR"]
[BlackTeamCountry "IRL"]

1. e4 c5 2. Nc3 Nc6 3. g3 g6 4. Bg2 Bg7 5. d3 d6 6. Be3 e5 7. Qd2 Be6 8. Nd5 Bxd5 9. exd5 Nce7 10. Ne2 f5 11. f4 e4 12. dxe4 fxe4 13. Bxe4 Nf6 14. Bg2 0-0 15. h3 Nf5 16. Bf2 Qe7 17. 0-0-0 Ne4 18. Bxe4 Qxe4 19. Rhe1 Qg2 20. Rf1 Rae8 21. g4 Nh4 22. Ng1 Nf3 23. Nxf3 Qxf3 24. Bxc5 Qxh3 25. Bxd6 Rf7 26. g5 Qd7 27. Qb4 a5 28. Qb6 Qa4 29. Kb1 Rc8 30. Qb3 Qe4 31. Qd3 Qa4 32. Be5 Qd7 33. Rfe1 Rf5 34. d6 Bxe5 35. Qb3+ Kf8 36. fxe5 a4 37. Qb4 Kg7 38. e6 Qc6 39. Qc3+ Qxc3 40. bxc3 Rxc3 41. d7 Rb5+ 42. Ka1 1-0

[Event "UKR-chT 17th"]
[Site "Alushta"]
[Date "2010.05.19"]
[Round "10.5"]
[White "Shmat, Sergey"]
[Black "Shvyriaev, Artem"]
[Result "1/2-1/2"]
[WhiteElo "2097"]
[BlackElo "2163"]
[PlyCount "33"]
[EventDate "2010.05.13"]
[EventType "team-tourn"]
[EventRounds "11"]
[EventCountry "UKR"]
[SourceTitle "EXT 2019"]
[Source "ChessBase"]
[SourceDate "2018.10.10"]
[SourceVersion "1"]
[SourceVersionDate "2018.10.10"]
[SourceQuality "1"]
[WhiteTeam "Nikopol Nika-NZF"]
[BlackTeam "Luhansk LugPokerChess"]
[WhiteTeamCountry "UKR"]
[BlackTeamCountry "UKR"]

1. d4 Nf6 2. c4 g6 3. Nc3 Bg7 4. e4 d6 5. Be2 0-0 6. Nf3 e5 7. 0-0 Nbd7 8. d5 Nc5 9. Qc2 a5 10. Ne1 Qe7 11. f3 Nh5 12. g3 f5 13. Nd3 fxe4 14. fxe4 Bh3 15. Rxf8+ Rxf8 16. Nf2 Bd7 17. Be3 1/2-1/2

[Event "UKR-chT 17th"]
[Site "Alushta"]
[Date "2010.05.14"]
[Round "2.2"]
[White "Shvyriaev, Artem"]
[Black "Filin, Stas"]
[Result "1/2-1/2"]
[WhiteElo "2163"]
[BlackElo "2052"]
[PlyCount "181"]
[EventDate "2010.05.13"]
[EventType "team-tourn"]
[EventRounds "11"]
[EventCountry "UKR"]
[SourceTitle "EXT 2019"]
[Source "ChessBase"]
[SourceDate "2018.10.10"]
[SourceVersion "1"]
[SourceVersionDate "2018.10.10"]
[SourceQuality "1"]
[WhiteTeam "Luhansk LugPokerChess"]
[BlackTeam "Krim KRDY"]
[WhiteTeamCountry "UKR"]
[BlackTeamCountry "UKR"]

1. e4 e6 2. d3 d5 3. Nd2 c5 4. Ngf3 Nf6 5. g3 Nc6 6. Bg2 Be7 7. 0-0 b6 8. Re1 Bb7 9. c3 Qc7 10. a3 b5 11. a4 b4 12. Nf1 dxe4 13. dxe4 Rd8 14. Qc2 Ba6 15. c4 Ng4 16. h3 Nge5 17. Nxe5 Nxe5 18. Bf4 Bd6 19. Bxe5 Bxe5 20. f4 Bd4+ 21. Kh2 0-0 22. Rad1 b3 23. Qe2 Qa5 24. Nd2 Qb4 25. Qf3 Bxc4 26. Nxc4 Qxc4 27. Rc1 Qxa4 28. Ra1 Qb4 29. Re2 a5 30. e5 a4 31. Qc6 a3 32. Rxa3 Bxb2 33. Ra4 Qc3 34. Qe4 Rd4 35. Rxd4 Qxd4 36. Qb1 Ba3 37. Qxb3 Bb4 38. Rc2 g6 39. h4 Rd8 40. Rc4 Qd2 41. Qc2 Qe3 42. Qe4 Qxe4 43. Bxe4 Rd2+ 44. Kh3 Re2 45. h5 Re3 46. hxg6 hxg6 47. Kg2 Kf8 48. Kf2 Ra3 49. g4 Bd2 50. f5 gxf5 51. gxf5 Bf4 52. fxe6 fxe6 53. Ke2 Be3 54. Kf3 Bd4+ 55. Kf4 Ra7 56. Bg6 Rd7 57. Be4 Rf7+ 58. Kg5 Rf2 59. Bd3 Ke7 60. Kg4 Kd7 61. Rc1 Rd2 62. Bb5+ Ke7 63. Kf3 Rf2+ 64. Ke4 Rf5 65. Rh1 Rxe5+ 66. Kd3 Re3+ 67. Kd2 Rg3 68. Bc4 e5 69. Rh7+ Kd6 70. Rh6+ Kc7 71. Re6 Kd7 72. Bd5 Rg5 73. Kd3 Rg3+ 74. Kd2 Rc3 75. Rc6 Ra3 76. Rg6 Be3+ 77. Ke2 Bf4 78. Rc6 Rc3 79. Kf2 Rd3 80. Bh1 Rd2+ 81. Ke1 Rc2 82. Bd5 Be3 83. Re6 Bf4 84. Rc6 Rd2 85. Bh1 Be3 86. Bf3 Ra2 87. Bd5 Rc2 88. Re6 Bd4 89. Kd1 Rc3 90. Rc6 Be3 91. Ke2 1/2-1/2

[Event "Doroshkevich Memorial op"]
[Site "Belorechensk"]
[Date "2007.06.06"]
[Round "9"]
[White "Dashko, Andrey"]
[Black "Shvyriaev, Artem"]
[Result "1-0"]
[WhiteElo "2359"]
[BlackElo "2190"]
[PlyCount "49"]
[EventDate "2007.05.29"]
[EventType "swiss"]
[EventRounds "9"]
[EventCountry "RUS"]
[SourceTitle "EXT 2008"]
[Source "ChessBase"]
[SourceDate "2007.11.25"]
[SourceVersion "1"]
[SourceVersionDate "2007.11.25"]
[SourceQuality "1"]

1. e4 e5 2. Nf3 Nc6 3. Bc4 Nf6 4. Ng5 d5 5. exd5 Na5 6. d3 Nxc4 7. dxc4 h6 8. Nf3 e4 9. Nd4 Bg4 10. Ne2 Bc5 11. Nbc3 Qe7 12. h3 Bh5 13. Be3 Bxe3 14. fxe3 Qb4 15. g4 Bg6 16. b3 Rd8 17. Qd2 Nd7 18. 0-0-0 0-0 19. Nb5 Qc5 20. Qd4 c6 21. Qxc5 Nxc5 22. dxc6 bxc6 23. Rxd8 Rxd8 24. Nxa7 Ra8 25. Nxc6 1-0

[Event "Doroshkevich Memorial op"]
[Site "Belorechensk"]
[Date "2007.06.05"]
[Round "8"]
[White "Shvyriaev, Artem"]
[Black "Ganigev, Maksim"]
[Result "1-0"]
[WhiteElo "2190"]
[BlackElo "1789"]
[PlyCount "61"]
[EventDate "2007.05.29"]
[EventType "swiss"]
[EventRounds "9"]
[EventCountry "RUS"]
[SourceTitle "EXT 2008"]
[Source "ChessBase"]
[SourceDate "2007.11.25"]
[SourceVersion "1"]
[SourceVersionDate "2007.11.25"]
[SourceQuality "1"]

1. e4 c5 2. Nc3 Nc6 3. g3 g6 4. Bg2 Bg7 5. d3 d6 6. Be3 Rb8 7. Qd2 b5 8. Nd1 e6 9. c3 Nge7 10. Bh6 0-0 11. h4 Bxh6 12. Qxh6 Kh8 13. h5 Ng8 14. Qd2 g5 15. Nf3 f6 16. d4 cxd4 17. cxd4 h6 18. Rc1 Bb7 19. Ne3 Qa5 20. Qxa5 Nxa5 21. Nd2 Rbc8 22. 0-0 Ne7 23. Rxc8 Bxc8 24. Rc1 Nec6 25. Nf3 Bb7 26. d5 exd5 27. exd5 Ne5 28. Nd4 a6 29. Ndf5 Rc8 30. Rxc8+ Bxc8 31. Nxd6 1-0

[Event "Cherkessk"]
[Site "Cherkessk"]
[Date "2007.05.??"]
[Round "3"]
[White "Akbaev, Kazbek"]
[Black "Shvyriaev, Artem"]
[Result "1-0"]
[WhiteElo "2214"]
[BlackElo "2190"]
[PlyCount "49"]
[EventDate "2007.05.17"]
[EventType "swiss"]
[EventRounds "11"]
[EventCountry "RUS"]
[EventCategory "1"]
[SourceTitle "EXT 2008"]
[Source "ChessBase"]
[SourceDate "2007.11.25"]
[SourceVersion "1"]
[SourceVersionDate "2007.11.25"]
[SourceQuality "1"]

1. Nf3 e6 2. d4 Nf6 3. c4 d5 4. Nc3 Be7 5. Qc2 0-0 6. Bg5 Nbd7 7. c5 Re8 8. b4 Bf8 9. e4 dxe4 10. Nxe4 g6 11. Ne5 Bg7 12. Bb5 c6 13. Bc4 h6 14. Bh4 Nxe5 15. dxe5 g5 16. Rd1 Nd5 17. Bg3 Qc7 18. Nd6 Rd8 19. Bxd5 cxd5 20. 0-0 Bd7 21. f4 Be8 22. f5 exf5 23. Qxf5 b6 24. e6 fxe6 25. Qxe6+ 1-0